Science Quiz

Random Science or Biology Quiz

Trees by Leaves Quiz Stats

 Plays Quiz Updated Jan 19, 2016

Challenge
Share
Tweet
Score 0/12 Timer 04:00
0 Plays Today
% Correct
Red maple
93.5%
Eastern white pine
78.3%
White oak
75.9%
Black willow
44.7%
Tulip tree
33.6%
Black locust
21.9%
Bitternut hickory
17.2%
Eastern redbud
16.7%
Black walnut
15.1%
Giant sequoia
8.1%
Ironwood
7%
Sour gum
6.1%

You're not logged in!

Compare scores with friends on all Sporcle quizzes.
Join for Free
OR
Log In

You Might Also Like...

Show Comments

Extras

Top Quizzes Today


Score Distribution

Your Account Isn't Verified!

In order to create a playlist on Sporcle, you need to verify the email address you used during registration. Go to your Sporcle Settings to finish the process.

Report this User

Report this user for behavior that violates our Community Guidelines.

Details: